00503nam a2200157Ia 4500001000500000005001700005008004100022041000800063082001700071100003600088245016300124260000900287300003300296650000800329654000800337887420260306160642.0260306t2018||||xx |||||||||||||| ||spa|| aESP a371.782bM42 aMendoza González, BrendaeAUT 0aBullying:blos múltiples rostros del acoso escolar. Estrategias para identificar, detener y cambiar la agresividad y la violencia a través de competencias c2018 axix, 216 páginas :c24 cm. aGEN aCED